000 00910nam a2200229Ii 4500
003 JO-AjNU
008 230605s9999||||xx |||||||||||||| ||und||
017 _a2014/7/3360
020 _a978-9957-97-035-2
040 _aJO-AjNU
_bara
_erda
_cJO-AjNU
041 _aara
050 1 4 _aLB1060.A88.2020
100 3 _aالعتوم، عدنان يوسف واخرون؛ م.مشارك عبد الناصر ذياب الجراح، م.مشارك فراس احمد الحموري,
_eauthor
_960006
245 0 0 _aنظريات التعلم=LEARNING THEORIES
250 _aط3
264 3 1 _aعمان: دار المسيرة للنشر والتوزيع والطباعة، 2020
300 _a328ص
_bيحتوي على صور توضيحية
336 _atext
_btxt
_2rdacontent
337 _aunmediated
_bn
_2rdamedia
338 _avolume
_bnc
_2rdacarrier
650 4 _aالتعلم-علم النفس التربوي
_960007
999 _aA27032
_c30600
_d30600